| 000 | 005730000a22001810004500 | ||
|---|---|---|---|
| 003 | MACL | ||
| 005 | 20160421122745.0 | ||
| 008 | 160421b xxu||||| |||| 00| 0 eng d | ||
| 040 |
_aMACL _cMACL |
||
| 041 | _aHindi | ||
| 082 | _a740 | ||
| 100 |
_aअग्रवाल प्रोफेसर विजय _953037 |
||
| 245 | _aहमारी सांस्कृतिक धरोहर | ||
| 260 |
_bमीरा पब्लिकेशन्स _c2009 _aइलाहाबाद |
||
| 350 | _a225 | ||
| 650 |
_aScupture _953038 |
||
| 942 |
_cHIN _k740 _2ddc |
||
| 999 |
_c21963 _d21963 |
||